Říše /
Druhá světová válka skončila vítězstvím nacistického Německa a celá Evropa žije v německém područí. Studentka Eliška se vlastní naivitou dostane do soukolí totalitní zvůle, odkud není úniku.
Uloženo v:
| Hlavní autor: | |
|---|---|
| Médium: | E-kniha |
| Jazyk: | Czech |
| Vydáno: |
V Praze :
XYZ,
2022
|
| Vydání: | Vydání první |
| Témata: | |
| Tagy: |
Žádné tagy |
| LEADER | 02758nam a2200517 i 4500 | ||
|---|---|---|---|
| 001 | 311579 | ||
| 003 | CZ PrSKC | ||
| 005 | 20260601215708.0 | ||
| 007 | ta | ||
| 008 | 220601s2022 xr g 000 f cze | ||
| 015 | |a cnb003426479 | ||
| 020 | |a 9788076831285 |q (vázáno) : |c Kč 349,00 | ||
| 035 | |a (OCoLC)1357140127 | ||
| 040 | |a ABG001 |b cze |e rda | ||
| 045 | |a x3x4 | ||
| 072 | 7 | |a 821.162.3-3 |x Česká próza |2 Konspekt | |
| 080 | |a 821.162.3-31 |2 MRF | ||
| 080 | |a 94(100)"1939/1945" |2 MRF | ||
| 080 | |a 329.17 |2 MRF | ||
| 080 | |a 94-021.171 |2 MRF | ||
| 080 | |a (0:82-31) |2 MRF | ||
| 100 | 1 | |a Straková, Izabela, |d 1998- |7 xx0253794 |4 aut | |
| 245 | 1 | 0 | |a Říše / |c Izabela Straková |
| 250 | |a Vydání první | ||
| 264 | 1 | |a V Praze : |b XYZ, |c 2022 | |
| 300 | |a 259 stran ; |c 22 cm | ||
| 336 | |a text |b txt |2 rdacontent | ||
| 337 | |a bez média |b n |2 rdamedia | ||
| 338 | |a svazek |b nc |2 rdacarrier | ||
| 500 | |a Obálkový podnázev: co kdyby se dějiny udály jinak...? | ||
| 520 | 2 | |a Druhá světová válka skončila vítězstvím nacistického Německa a celá Evropa žije v německém područí. Studentka Eliška se vlastní naivitou dostane do soukolí totalitní zvůle, odkud není úniku. |b Antiutopický román, odehrávající se v alternativní realitě, kdy nacisté vyhráli válku, vypráví příběh Elišky Procházkové, studentky gymnázia, která si propagandou národního socialismu příliš hlavu neláme. Proplouvá životem docela obyčejně a na svět hledí s ironickým humorem. Dokud neobjeví mrtvé tělo knihkupce, kterému přišla vrátit zakázané knihy. Náhle je semleta totalitním režimem, jehož si doposud nevšímala - vydírána a donucena potlačit své morální přesvědčení se stává důležitou postavou velkých dějin. Nakladatelská anotace. Kráceno. | |
| 648 | 7 | |a 1939-1945 |7 ch460653 |2 czenas | |
| 650 | 0 | 7 | |a druhá světová válka (1939-1945) |7 ph117270 |2 czenas |
| 650 | 0 | 7 | |a nacismus |7 ph115411 |2 czenas |
| 650 | 0 | 7 | |a fiktivní dějiny |7 ph349156 |2 czenas |
| 650 | 0 | 9 | |a World War (1939-1945) |2 eczenas |
| 650 | 0 | 9 | |a Nazism |2 eczenas |
| 650 | 0 | 9 | |a imaginary history |2 eczenas |
| 655 | 7 | |a české romány |7 fd133974 |2 czenas | |
| 655 | 9 | |a Czech fiction |2 eczenas | |
| 900 | |a ABA001 |b 19 | ||
| 928 | 9 | |a Albatros Media - XYZ | |
| 044 | |a xr | ||
| 910 | |a RBIT002 | ||
| 998 | |d 353008 |a https://core.palmknihy.cz/api/books/353008/cover?si6789 |b https://core.palmknihy.cz/api/books/353008/cover/400?si6789 |c https://core.palmknihy.cz/api/books/353008/cover/50?si6789 |e 2031-12-31 |g 264 |i 9788076831285 |j https://core.palmknihy.cz/api/books/353008/preview.epub |k https://core.palmknihy.cz/api/books/353008/preview.pdf |l |q 49 |r 1 |s https://www.palmknihy.cz/kniha/353008 |t ebook |y 2022 |z 0 | ||
| 999 | |d 311577 | ||